002430000a220007300045001000023000002450081000230410013001047730052001171 aMajer, Jonathan D.10aAnt recolonisation of rehabilitated bauxite mines of Pocos de Caldas, Brazil0 aInglés1 tJournal of tropical ecologyq97-108 p.d1992g4